Statistics for Asian geography - True or false

Click here to take the quiz!

General Stats

  • This quiz has been taken 715 times
  • The average score is 6 of 10

Answer Stats

QuestionAnswer% Correct
Over half of the world's population live in AsiaTrue
78%
Russia is the largest country in Asia (if only land in Asia is counted)True
69%
China has one universal timezoneTrue
60%
Indonesia borders 3 other countriesTrue
58%
Mongolia borders KazakhstanFalse
56%
Asia has the most absolute monarchies of any continentTrue
55%
The three biggest suspension bridges in the world are all in AsiaTrue
54%
The most popular religion in Japan is BuddhismFalse
53%
India and Sri Lanka is connected via a narrow landbridgeFalse
49%
North and South Korea are in the same timezoneFalse
33%

Score Distribution

Percentile by Number Answered

Percent of People with Each Score

Your Score History

You have not taken this quiz